000 00595nam a22002417a 4500
003 UA-OsUOA
001 29227
007 ta
008 20041004b un ||||| |||| 00| 0 ukr d
100 _aГрищенко А.П.
090 _a81'367.623
_bГ85
942 _cBK
040 _aUA-OsUOA
_bukr
_cUA-OsUOA
_dUA-OsUOA
245 _aПрикметник в українській мові
300 _a208 с.
955 _a0
041 _aukr
080 _a81'367.623
260 _aКиїв
_bНаукова думка
_c1978
044 _aUA
650 7 _2UDC
999 _c315608
_d315608